Paroles "Aller plus loin (reprise)" Vaiana 2 (Disney) - Statistiques

Statistiques générales
  • Ce quiz a été pris 15 fois
  • Le résultat moyen est 15 sur 37
Statistiques - réponses
Chanteur Paroles % Correct
à
100%
Vaiana Aller
100%
aller
100%
loin
100%
loin
100%
loin
100%
plus
100%
plus
100%
plus
100%
au
44%
des
44%
côtés
33%
découvrir
33%
Et
33%
inexplorées
33%
matin
33%
Oui
33%
plages
33%
Pour
33%
tes
33%
voguer
33%
l'horizon
22%
Pouvoir
22%
recommencer
22%
tout
22%
aux
11%
d'éternité
11%
ensemble
11%
irons
11%
Nous
11%
Nous
11%
Nous
11%
pouvons
11%
reflets
11%
Sous
11%
Tous
11%
voulons
11%
Aucun quiz correspondant
Distribution des résultats
% des personnes avec chaque résultat
Percentile par nombre de réponses
Votre historique - résultats
Vous n’avez pas pris ce quiz